Central Library OPAC University of Rajshahi

Collected poems of Elinor Wylie / (Record no. 16745)

MARC details
000 -LEADER
fixed length control field 00783cam a22002651 4500
001 - CONTROL NUMBER
control field 16745
003 - CONTROL NUMBER IDENTIFIER
rucl marc code BD-RjUL
005 - DATE AND TIME OF LATEST TRANSACTION
control field 20211209000039.0
008 - FIXED-LENGTH DATA ELEMENTS--GENERAL INFORMATION
fixed length control field 140215s1963 nyuch 000 0 eng d
035 ## - SYSTEM CONTROL NUMBER
System control number (BD-RjUL)16800
040 ## - CATALOGING SOURCE
Original cataloging agency DLC
Transcribing agency DLC
Modifying agency DLC
-- BD-RjUL
Language of cataloging eng
041 ## - LANGUAGE CODE
Language code of text/sound track or separate title eng
082 00 - DEWEY DECIMAL CLASSIFICATION NUMBER
Classification number 811.5
Author mark and year WYC 1963
100 1# - MAIN ENTRY--PERSONAL NAME
Personal name Wylie, Elinor
Dates associated with a name 1885-1928.
9 (RLIN) 51717
245 10 - TITLE STATEMENT
Title Collected poems of Elinor Wylie /
Statement of responsibility, etc. by Elinor Wylie
260 ## - PUBLICATION, DISTRIBUTION, ETC. (IMPRINT)
Place of publication, distribution, etc. New York :
Name of publisher, distributor, etc. A. A. Knopf,
Date of publication, distribution, etc. 1963.
300 ## - PHYSICAL DESCRIPTION
Pagination xviii, 318 p. :
Illustrations illus. ;
Size 23 cm.
500 ## - GENERAL NOTE
General note "First edition."
General note Foreword signed: William Rose Benรฉt.
650 #0 - SUBJECT ADDED ENTRY--TOPICAL TERM
Topical term or geographic name as entry element Poets, American.
Geographic subdivision American.
9 (RLIN) 51718
700 ## - ADDED ENTRY--PERSONAL NAME
Dates associated with a name 1886-1950,
Relator term ed.
942 ## - ADDED ENTRY ELEMENTS (KOHA)
Source of classification or shelving scheme Dewey Decimal Classification
Koha item type Books
Holdings
Lost status Source of classification or shelving scheme Damaged status Not for loan Collection code Permanent Location Current Location Shelving location Date acquired Source of acquisition Cost, normal purchase price Total Checkouts Full call number Date last seen Copy number Koha item type
  Dewey Decimal Classification   Not For Loan Non-fiction Central Library, University of Rajshahi Central Library, University of Rajshahi Reading Room 03/06/1965 Zeitlinger 52.00   811.5 WYC 1963 15/02/2014 C-1 Books